Scanning the future : 20 eminent thinkers on the world of tomorrow
| Other Authors: | |
|---|---|
| Format: | Book |
| Published: |
London :
Thames & Hudson ,
1999
|
| Series: | Prospects for tomorrow
|
| Subjects: |
MARC
| LEADER | 00000cam a2200000 7i4500 | ||
|---|---|---|---|
| 001 | 0000026290 | ||
| 005 | 20090506.0 | ||
| 008 | 090506 | ||
| 020 | |a 0500280452 | ||
| 090 | 0 | 0 | |a 303.490905 |b SCA |
| 245 | 1 | 0 | |a Scanning the future : |b 20 eminent thinkers on the world of tomorrow |c edited by Yorick Blumenfeld |
| 260 | |a London : |b Thames & Hudson , |c 1999 | ||
| 440 | |a Prospects for tomorrow | ||
| 650 | 0 | |a Forecasting | |
| 650 | 0 | |a Twenty first century |x forecasts | |
| 700 | 1 | |a Blumenfeld, Yorick | |
| 999 | |a 0001047170 |b Book |c Adult Collection |e Perbadanan Perpustakaan Awam Johor | ||